1821 1549 1120 1847 1178 1341 1237 1988 1383 1647 1102 1468 1083 1844 1374 1654 1542 1028 1212 1781 1746 1311 1239 1044 1130 1718 1422 1022 1529 1224 1860 1098 1080 1063 1002 1683 1966 1732 1292 1826 1466 1657 1730 1393 1544 1163 1496 1806 1388 1869 1713 1138 1546 1883 1645 1261 1253 2000 1596 1242 1010 1544 1667 1082 1217 1444 1503 1609 1451 1887 1200 1207 1064 1436 1599 1800 1084 1114 1692 1805 1148 1841 1832 1700 1942 1379 1733 1595 1793 1457 1710 2000 1600 1544 1310 1202 1598 1109 1492 BCNSPRNW ULIB Ver.6.0+V

เปลี่ยนเป็นภาษาไทย

Change to English
 แสดงรายละเอียดบรรณานุกรม
  กลับหน้าหลัก

Brief Record : Get Marc (ISO 2709) : E-mail record : QR code < ปิดหน้าต่าง
LEADER : 00000nam 2200000uu 4500
001    13399109503
003     ULIB
008    110404s2545||||th 000 0 tha d
020    9749082842
060 04 WB205^bพ874ค 2545
100 0  เพ็ญจันท์ สุวรรณแสง โมไนยพงศ์
245 10 คู่มือตรวจผู้ป่วยนอก /^cเพ็ญจันท์ สุวรรณแสง โมไนยพงศ์
250    พิมพ์ครั้งที่ 12
260    กรุงเทพฯ :^bศูนย์หนังสือจุฬาลงกรณ์มหาวิทยาลัย,^c2545
300    ก-ซ, 449 หน้า :^bภาพประกอบ ;^c26 ซม.
650  7 การตรวจร่างกาย^vคู่มือ
945    ^p220^l0^i017424
945    ^p220^l0^i017423
945    ^p220^l0^i017422
945    ^p220^l0^i017421
945    ^p220^l0^i016799
945    ^p220^l0^i016798
945    ^p220^l0^i019767
945    ^p220^l0^i017420
995    ทศพร
999 ^a ใช้งานได้ทุกระบบ
รายการนี้ยังไม่มีแท็ก
คุณยังไม่ได้ล็อกอิน คุณสามารถมีกิจกรรมร่วมกับเว็บไซต์ได้ แต่ต้องล็อกอินก่อน ::
  ล็อกอิน

รายการสื่อสารสนเทศ

ลำดับที่ ประเภท เลขเรียก/บาร์โค้ด สถานที่ สถานะ
- ไม่พบข้อมูล -

รายการใกล้เคียง
    ผู้แต่ง [เพ็ญจันท์ สุวรรณแสง โมไนยพงศ์]

BibComment


ยังไม่เคยถูกคอมเมนท์

คอมเมนท์ทรัพยากรรายการนี้
  คอมเมนท์: คู่มือตรวจผู้ป่วย..


 Copyright 2026. Bcnsprnw @Library